000 01425nam0a2200373 4500
001 RU\NLR\bibl\1839642
005 20250616171725.0
010 _a978-5-7680-2392-8
_91000
021 _aRU
_b2011-87688
_96257
035 _a(nilc)RSL-KNO-005075481
035 _a(NLR Aleph) 001830109
090 _a2126490
_c2126490
100 _a20111114d2011 |||y0rusy50 ca
101 0 _arus
102 _aRU
105 _aa |||||||||
200 1 _aОрел умирает в полете
_eдокументальная повесть
_e[о Герое Советского Союза А.-Х.Т. Канкошеве]
_fХачим Кауфов
210 _aНальчик
_cЭльбрус
_d2011
215 _a206, [2] с., [4] л. ил., портр.
_d21
600 1 _aКанкошев
_bА-Х.Т.
_f1914 - 1943
_gАхмед-Хан Талович
_91230990
_3RU\NLR\auth\66184047
686 _aШ5(2=Р)75-644.8
_2rubbk
686 _aШ6(2=Р)75-448
686 _aЦ35(2)722-65-243дКанкошев
700 1 _aКауфов
_bХ. Х.
_f1940-
_gХачим Хабасович
_4070
702 1 _aКанкошев
_bА. -Х. Т.
_f1914-1943
_gАхмед-Хан Талович
_4570
801 0 _aRU
_bRuMoRKP
_c20111114
_grcr
801 1 _aRU
_bРГБ
_c20111114
801 2 _aRU
_bNLR
_c20111128
_grcr
830 _aавт. по кн.
942 _cBOOK
980 _aNB
980 _aNBR